1249 1804 1512 1144 1174 1805 1605 1574 1203 1052 1965 1884 1437 1691 1126 1320 1593 1325 1516 1393 1748 1245 1226 1762 1805 1588 1766 1745 1315 1218 1403 1817 1663 1100 1611 1870 1691 1712 1934 1345 1289 1508 1405 1257 1690 1162 1013 1087 1120 1855 1681 1090 1840 1288 1277 1512 1567 1620 1272 1693 1352 1054 1834 1041 1330 1686 1620 1383 1579 1232 1305 1422 1764 1845 1920 1999 1392 1637 1195 1180 1574 1537 1642 1654 1592 1076 1631 1769 1542 1431 1151 1734 1482 1770 1049 1203 1815 1818 1661 BCNSPRNW ULIB Ver.6.0+V

เปลี่ยนเป็นภาษาไทย

Change to English
 แสดงรายละเอียดบรรณานุกรม
  กลับหน้าหลัก

Brief Record : Get Marc (ISO 2709) : E-mail record : QR code < ปิดหน้าต่าง
LEADER : 00000nam 2200000uu 4500
001    13399112258
003     ULIB
008    110802s2551||||th 000 0 tha d
020    9789740320210
050  4 HA62^bส721ท 2551
100 0  สิทธิ์ ธีรสรณ์
245 10 เทคนิคการเขียนรายงานวิจัย /^cสิทธิ์ ธีรสรณ์
250    พิมพ์ครั้งที่ 2
260    กรุงเทพฯ :^bสำนักพิมพ์แห่งจุฬาลงกรณ์มหาวิทยาลัย,^c2551
300    247 หน้า :^bภาพประกอบ ;^c21 ซม.
650  4 การเขียนรายงาน
650  4 การเขียนทางวิชาการ
650  4 วิจัย^xการเขียน
945    ^p140^l0^i18474
995     เกษร
999 ^a ใช้งานได้ทุกระบบ
รายการนี้ยังไม่มีแท็ก
คุณยังไม่ได้ล็อกอิน คุณสามารถมีกิจกรรมร่วมกับเว็บไซต์ได้ แต่ต้องล็อกอินก่อน ::
  ล็อกอิน

รายการสื่อสารสนเทศ

ลำดับที่ ประเภท เลขเรียก/บาร์โค้ด สถานที่ สถานะ
1. วิทยาศาสตร์การแพทย์ และสุขภาพ
วิทยาศาสตร์การแพทย์ และสุขภาพ
HA62 ส721ท 2551  
  Barcode: 18474
ห้องสมุดวิทยาเขตสวรรค์ประชารักษ์
►นวนิยาย
ถูกยืม กำหนดส่งวันที่ 13 ธันวาคม 2567
  จอง

รายการใกล้เคียง
    ผู้แต่ง [สิทธิ์ ธีรสรณ์]

    หัวเรื่อง [การเขียนรายงาน]
    หัวเรื่อง [การเขียนทางวิชาการ]

BibComment


ยังไม่เคยถูกคอมเมนท์

คอมเมนท์ทรัพยากรรายการนี้
  คอมเมนท์: เทคนิคการเขียนราย..


 Copyright 2026. Bcnsprnw @Library